Technológia prvostupňového spracovania dreva : [vysokoškolská učebnica] /

Hlavní autor: Klement, Ivan
Korporativní autor: Technická univerzita vo Zvolene. Drevárska fakulta
Další autoři: Detvaj, Juraj, 1948-
Jazyk: Slovenština
Vydáno: Zvolen : Technická univerzita vo Zvolene, 2007
Vydání: Vyd. 1.
Témata:
Fyzický popis: 325 s. : il. ; 26 cm
Knihy
Uloženo v:
LEADER 01557nam a2200397 a 4500
001 000924940
003 CZ BrMZK
005 20090902152447.0
007 ta
008 081217s2007 xo a e p 000 0 slo
020 |a 978-80-228-1811-7  |q (váz.) 
040 |a BOA001  |b cze 
072 7 |a 674  |x Dřevo. Dřevařský průmysl  |2 Konspekt  |9 19 
072 7 |a 37.016  |x Učební osnovy. Vyučovací předměty. Učebnice  |2 Konspekt  |9 22 
080 |a 674.02  |2 MRF 
080 |a 658.51  |2 MRF 
080 |a (075.8)  |2 MRF 
100 1 |a Klement, Ivan  |7 mzk2008486415  |4 aut 
245 1 0 |a Technológia prvostupňového spracovania dreva :  |b [vysokoškolská učebnica] /  |c Ivan Klement, Juraj Detvaj 
250 |a Vyd. 1. 
260 |a Zvolen :  |b Technická univerzita vo Zvolene,  |c 2007 
300 |a 325 s. :  |b il. ;  |c 26 cm 
500 |a Nad názvem: Technická univerzita vo Zvolene, Drevárska fakulta 
500 |a Slovensko-anglicko-ruský slovník 
500 |a 350 výt. 
504 |a Obsahuje bibliografii 
541 |a Bratislava, Centrum vedecko-technických informácií SR 
650 0 7 |a zpracování dřeva  |7 ph135488  |2 czenas 
650 0 7 |a technologické procesy  |7 ph126487  |2 czenas 
655 7 |a učebnice vysokých škol  |7 fd133772  |2 czenas 
700 1 |a Detvaj, Juraj,  |d 1948-  |7 uzp2006324634  |4 aut 
710 2 |a Technická univerzita vo Zvolene.  |b Drevárska fakulta  |7 uzp2007391439 
910 2 |a BOA001  |b 3-1217.903 
990 |a BK 
991 |b 200902  |c NOV 
996 6 |b 2610366307  |c 3-1217.903  |l MZK  |r STM 6p  |n 0  |p vým.  |h 674 KLE  |w 000924940  |u 000010  |a 0  |e BOA001  |j MZK50  |s P